Sufis In The Life Of Medieval India: The Life and Works of Simon Digby (Record no. 1848080)

MARC details
000 -LEADER
fixed length control field 00334 a2200121 4500
000 - LEADER
fixed length control field nam a22 7a 4500
005 - DATE AND TIME OF LATEST TRANSACTION
control field 20260408122833.0
020 ## - INTERNATIONAL STANDARD BOOK NUMBER
International Standard Book Number 9789368831983
100 ## - MAIN ENTRY--PERSONAL NAME
Personal name David Lunn
9 (RLIN) 1234323
245 ## - TITLE STATEMENT
Title Sufis In The Life Of Medieval India: The Life and Works of Simon Digby
260 ## - PUBLICATION, DISTRIBUTION, ETC.
Name of publisher, distributor, etc. Primus Books
Date of publication, distribution, etc. 2025
942 ## - ADDED ENTRY ELEMENTS (KOHA)
Koha item type Textual

No items available.

Copyright @ Delhi University Library System